| 000 | 00893nam a2200229 a 4500 | ||
|---|---|---|---|
| 005 | 20090820151657.0 | ||
| 008 | 080109s2007 ii a b 000 0 eng | ||
| 010 | _aENG-94769 | ||
| 020 |
_a9788189487409 _c200.00 |
||
| 035 | _aEN-78302 | ||
| 037 | _bDBAD / PUB | ||
| 040 |
_adpl _bEnglish |
||
| 082 | _a306.883095413 | ||
| 100 | _aBhattacharya, Malini | ||
| 245 |
_aIn Radha's name: _bwidows and other women in Brindaban / _cby Malini Bhattacharya |
||
| 260 |
_aNew Delhi _bTulika Books _c2008 |
||
| 270 |
_a35 A/1, (third floor), Shahpur Jat, _bNew Delhi _e110049 |
||
| 300 |
_axii, 105 p. : _c25cm(pbk) |
||
| 500 | _aIncludes glossary | ||
| 942 |
_2ddc _cEN _mBHA _h306.883095413 |
||
| 999 |
_c29335 _d29335 |
||